| 000 | 00453nam a22001457a 4500 | ||
|---|---|---|---|
| 005 | 20240315100536.0 | ||
| 008 | 240315b ||||| |||| 00| 0 eng d | ||
| 040 | _cAL | ||
| 041 | _aeng | ||
| 082 |
_223 _a639.2 _bSTUD |
||
| 245 | _aStudy on the Production of Fish Meal and Fish Oil with Special Reference to Bawa Fish Meal and Oil Company | ||
| 260 |
_aMangalore _bSt Aloysius Colllege _c2003 |
||
| 700 |
_aFAHAD (Ahamed V) _9154482 |
||
| 942 |
_2ddc _cPRO |
||
| 999 |
_c230373 _d230373 |
||